| 000 | 01121nam0a22002891 4500 | ||
|---|---|---|---|
| 001 | v19\rc\1190700 | ||
| 005 | 20250618022506.0 | ||
| 035 | _a(NLR Aleph) 004449736 | ||
| 090 |
_a4467479 _c4467479 |
||
| 100 | _a20060306e18401840|||y0rusy50 ca | ||
| 101 | 1 |
_arus _cfre |
|
| 102 | _aRU | ||
| 105 | _ay z |||a| | ||
| 200 | 1 |
_aЖозеф, парижский мальчик _dLe gamin de Paris _eКомедия-водевиль в 2-х д. _fСоч. Баяра и Вандербурха _gПер. с франц. П. Федоровым _zfre _a[Стихотворения и куплеты] _e(Из журн. Пантеон, 1840, ч. 2) |
|
| 210 |
_d1840 _aБ. м. |
||
| 215 |
_a40 с. _d26 |
||
| 488 | 0 |
_12001#$aПантеон$v1840, ч. 2 _tПантеон |
|
| 510 | 0 |
_aLe gamin de Paris _zfre |
|
| 700 | 1 |
_aБаяр _bЖ.Ф.А. _f1796-1853 _gЖан Франсуа Альфред |
|
| 701 | 1 |
_9z01790 _aВандербух |
|
| 702 | 1 |
_aФедоров _bП. _4730 |
|
| 790 | 0 |
_9z01701 _aВандербурх |
|
| 801 | 0 |
_aRU _bNLR _gpsbo |
|
| 801 | 1 |
_aRU _bProSoft-M _2rusmarc |
|
| 852 |
_aNLR _j18.154.1.146 |
||
| 942 | _cBOOK | ||
| 980 | _aNB | ||